Management accounting / (Record no. 3544)

000 -LEADER
fixed length control field 01089cam a2200337 a 4500
001 - CONTROL NUMBER
control field 14599757
003 - CONTROL NUMBER IDENTIFIER
control field OSt
005 - DATE AND TIME OF LATEST TRANSACTION
control field 20161013153935.0
008 - FIXED-LENGTH DATA ELEMENTS--GENERAL INFORMATION
fixed length control field 061018s2007 njua 001 0 eng
010 ## - LIBRARY OF CONGRESS CONTROL NUMBER
LC control number 2006034277
020 ## - INTERNATIONAL STANDARD BOOK NUMBER
International Standard Book Number 0131732811
022 ## - INTERNATIONAL STANDARD SERIAL NUMBER
International Standard Serial Number 9780170121538
035 ## - SYSTEM CONTROL NUMBER
System control number (OCoLC)ocm73927332
035 ## - SYSTEM CONTROL NUMBER
System control number (OCoLC)73927332
040 ## - CATALOGING SOURCE
Original cataloging agency DLC
Transcribing agency DLC
Modifying agency BAKER
-- C#P
-- YDXCP
-- BTCTA
-- DLC
050 00 - LIBRARY OF CONGRESS CALL NUMBER
Classification number HF5657.4.M69 2007
082 00 - DEWEY DECIMAL CLASSIFICATION NUMBER
Classification number 658.15/11
Edition number 22
100 ## - MAIN ENTRY--PERSONAL NAME
Personal name Mowen,Maryanne M.
245 00 - TITLE STATEMENT
Title Management accounting /
Statement of responsibility, etc Maryanne Mowen...[et al]
260 ## - PUBLICATION, DISTRIBUTION, ETC. (IMPRINT)
Place of publication, distribution, etc Australia. :
Name of publisher, distributor, etc Thomson,
Date of publication, distribution, etc c2007.
300 ## - PHYSICAL DESCRIPTION
Extent xix, 804 p. :
Other physical details ill. ;
Dimensions 26 cm.
500 ## - GENERAL NOTE
General note Includes indexes.
650 #0 - SUBJECT ADDED ENTRY--TOPICAL TERM
Topical term or geographic name as entry element Managerial accounting.
700 ## - ADDED ENTRY--PERSONAL NAME
Personal name Hansen,Don R.
700 ## - ADDED ENTRY--PERSONAL NAME
Personal name Mitchell,Graeme
700 ## - ADDED ENTRY--PERSONAL NAME
Personal name Tibbits Garry
856 41 - ELECTRONIC LOCATION AND ACCESS
Materials specified Table of contents only
Uniform Resource Identifier <a href="http://www.loc.gov/catdir/toc/ecip073/2006034277.html">http://www.loc.gov/catdir/toc/ecip073/2006034277.html</a>
906 ## - LOCAL DATA ELEMENT F, LDF (RLIN)
a 7
b cbc
c orignew
d 1
e ecip
f 20
g y-gencatlg
942 ## - ADDED ENTRY ELEMENTS (KOHA)
Source of classification or shelving scheme
Koha item type Book
Holdings
Withdrawn status Lost status Source of classification or shelving scheme Damaged status Not for loan Home library Current library Shelving location Date acquired Total Checkouts Full call number Barcode Date last seen Copy number Price effective from Koha item type
          Riara University Library Riara University Library General stack 13/10/2016   HF5657.4.M69 2007 8450/16 13/10/2016 C.1 13/10/2016 Book

Riara University Library,
P.O. Box 49940-00100,
Nairobi, Kenya.